000 00784cam a22002653a 4500
001 8730
003 PGUSA
005 20140828083204.0
008 050801s2005||||xxu|||||s|||||000 1 eng d
040 _aPGUSA
_beng
042 _adc
050 4 _aPZ
050 4 _aPR
100 1 _aBruce, Mary Grant,
_d1878-1958
245 1 2 _aA Little Bush Maid
_h[electronic resource] /
_cMary Grant Bruce
260 _bProject Gutenberg,
_c2005
506 _aPublic domain in the USA.
516 _aElectronic text
653 _aAustralia -- Social conditions -- Juvenile fiction
653 _aAdventure stories, Australian
653 _aCountry life -- Australia -- Juvenile fiction
830 0 _aProject Gutenberg
_v8730
856 4 0 _uhttp://www.gutenberg.org/ebooks/8730
942 _cEB
999 _c238030
_d238030